Снизу вверх: проза ссыльных писателей-народников; Проза сибирской ссылки; Вторая правда; Мы победили; Сон одного заседателя; Снизу вверх; Путешествие в глубь страны; Ночь на Новый год
| Other Authors: | |
|---|---|
| Language: | Russian |
| Published: |
Омск, Омское книжное изд-во, 1988
|
| TOC: | В. М. Физиков, Проза сибирской ссылки; Вторая правда; Мы победили; Г. А. Мачтет, Сон одного заседателя; Н. Е. Каронин-Петропавловский, Снизу вверх; Путешествие в глубь страны; Ф. В. Волховский, Ночь на Новый год; |
| Subjects: | |
| Format: | Book |
| KOHA link: | https://koha.lib.tpu.ru/cgi-bin/koha/opac-detail.pl?biblionumber=120175 |
MARC
| LEADER | 00000nam0a2200000 4500 | ||
|---|---|---|---|
| 001 | 120175 | ||
| 005 | 20231101215605.0 | ||
| 010 | |a 5855400212 | ||
| 020 | |a RU |b 88-64834 | ||
| 035 | |a (RuTPU)RU\TPU\book\130120 | ||
| 090 | |a 120175 | ||
| 100 | |a 20070817d1988 m y0rusy5003 ca | ||
| 101 | 0 | |a rus | |
| 102 | |a RU | ||
| 105 | |a y z 001ay | ||
| 200 | 1 | |a Снизу вверх |e проза ссыльных писателей-народников |f сост. В. М. Физиков | |
| 210 | |a Омск |c Омское книжное изд-во |d 1988 | ||
| 215 | |a 224 с. | ||
| 320 | |a Примечания: с. 218-220. | ||
| 320 | |a Список принятых сокращений: с. 221. | ||
| 464 | |t Проза сибирской ссылки |o предисловие |f В. М. Физиков | ||
| 464 | |t Вторая правда | ||
| 464 | |t Мы победили | ||
| 464 | |t Сон одного заседателя |o сибирские рассказы |f Г. А. Мачтет | ||
| 464 | |t Снизу вверх |o история одного рабочего |f Н. Е. Каронин-Петропавловский | ||
| 464 | |t Путешествие в глубь страны | ||
| 464 | |t Ночь на Новый год |f Ф. В. Волховский |a Каронин-Петропавловский, Н. Е. | ||
| 606 | 1 | |a Русская литература, дореволюционная |2 stltpush |3 (RuTPU)RU\TPU\subj\26371 |9 50314 | |
| 610 | 1 | |a художественная литература | |
| 610 | 1 | |a проза | |
| 610 | 1 | |a рассказы | |
| 610 | 1 | |a сборники | |
| 610 | 1 | |a революционеры | |
| 610 | 1 | |a народники | |
| 610 | 1 | |a ссылка | |
| 610 | 1 | |a Западная Сибирь | |
| 675 | |a Р1 |v 3 | ||
| 702 | 1 | |a Физиков |b В. М. |4 220 | |
| 801 | 0 | |a RU |b RuMRKP |c 19950417 |g psbo | |
| 801 | 1 | |a RU |b 63413507 |c 20070817 |g PSBO | |
| 801 | 2 | |a RU |b 63413507 |c 20221006 |g PSBO | |
| 942 | |c BK | ||